| 000 | 00775nam a2200229 i 4500 | ||
|---|---|---|---|
| 001 | bgj | ||
| 100 | 1 | _aWIDAWSKA, Barbara. | |
| 245 | 1 | 0 |
_aLandeskundliches Lernen im DaF-Unterricht : _bLandeskundliche Inhalte und ihre Relevanz in ausgewählten Lehrwerken für Deutsch als Fremdsprache / _cBarbara Widawska ; Akademia Pomorska w Słupsku. |
| 260 |
_aSłupsk : _bWydawnictwo Naukowe Akademii Pomorskiej, _c2007. |
||
| 300 |
_a231 s. : _btab., wykr. ; _c21 cm. |
||
| 504 | _aBibliogr. s. 219-227. | ||
| 650 | 9 |
_aNauczanie _xmetody |
|
| 710 | 1 |
_aAkademia Pomorska _cSłupsk |
|
| 020 | _a9788374671170 | ||
| 040 | _cBPK | ||
| 041 | 0 | _ager | |
| 044 | _aPL | ||
| 080 | _a37.016 | ||
| 920 | _a978-83-7467-117-0 | ||
| 942 | _cKS | ||
| 008 | s gw f |000 0 ger | ||
| 999 |
_c49999 _d49999 |
||
| 856 |
_uhttp://koha.tu.koszalin.pl/cgi-bin/koha/opac-detail.pl?biblionumber=49999 _yKatalog online BPK |
||